[Event "AUT-ch U10 Girls"]
[Site "St Kanzian"]
[Date "2018.06.03"]
[Round "7.5"]
[White "Baitulaeva, Ayscha"]
[Black "Ebadi, Hadise"]
[Result "1-0"]
[WhiteElo "900"]
[BlackElo "800"]
[PlyCount "45"]
[EventDate "2018.06.01"]
[EventType "swiss"]
[EventRounds "7"]
[EventCountry "AUT"]
[SourceTitle "EXT 2024"]
[Source "ChessBase"]
[SourceDate "2023.10.10"]
[SourceVersion "1"]
[SourceVersionDate "2023.10.10"]
[SourceQuality "1"]

1. e4 e5 2. Nf3 Nc6 3. Nc3 Nf6 4. Bb5 Bb4 5. 0-0 0-0 6. d3 d6 7. Bg5 Bg4 8. Bxc6 bxc6 9. a3 Bxc3 10. bxc3 d5 11. h3 Be6 12. Nxe5 dxe4 13. Nxc6 Qc8 14. Ne7+ Kh8 15. Nxc8 Bxc8 16. Bxf6 gxf6 17. dxe4 Ba6 18. Re1 Rg8 19. g3 Bb7 20. Qd7 Rac8 21. Qxf7 Ba6 22. Qxf6+ Rg7 23. Qxa6 1-0